Francuzi w FC Barcelona - nagła śmierć - Statystyki

Ogólne statystyki
  • Ten quiz został rozwiązany 227 razy
  • Średni wynik to 9 z 12
Answers on the Grid
Answers color-coded by a green-red scale on the quiz's grid according to % correct below.
Eric Abidal
Jocelyn Angloma
Karim Benzema
Laurent Blanc
Ousmane Dembele
Marcel Desailly
Lucas Digne
William Gallas
Ludovic Giuly
Antoine Griezmann
Thierry Henry
Laurent Koscielny
Jules Kounde
Clement Lenglet
Florent Malouda
Jeremy Mathieu
Kylian Mbappe
Benjamin Pavard
Robert Pires
Lilian Thuram
David Trezeguet
Samuel Umtiti
Dayot Upamecano
Raphael Varane
 
Statystyki odpowiedzi
Odpowiedź % Poprawnych
Ousmane Dembele
92%
Eric Abidal
89%
Jules Kounde
88%
Antoine Griezmann
85%
Thierry Henry
85%
Samuel Umtiti
82%
Clement Lenglet
79%
Jeremy Mathieu
69%
Lucas Digne
66%
Ludovic Giuly
46%
Lilian Thuram
45%
Laurent Blanc
36%
Nie znaleziono quizów pasujących do podanych kryteriów
Rozkład punktacji
Procent ludzi z każdym wynikiem
Percentyl według liczby udzielonych odpowiedzi
Twoja historia wyników
Nie rozwiązałeś tego quizu